First Crusade and the idea of crusading (Record no. 11245)
[ view plain ]
| 000 -LEADER | |
|---|---|
| fixed length control field | 00429 a2200133 4500 |
| 020 ## - INTERNATIONAL STANDARD BOOK NUMBER | |
| International Standard Book Number | 9780812220766 (pbk.) |
| 005 - DATE AND TIME OF LATEST TRANSACTION | |
| control field | 20191017174147.0 |
| 084 ## - OTHER CLASSIFICATION NUMBER | |
| Classification number | D161.2 .R48 2009 |
| 245 ## - TITLE STATEMENT | |
| Title | First Crusade and the idea of crusading |
| Medium | |
| 260 ## - PUBLICATION, DISTRIBUTION, ETC. | |
| Place of publication, distribution, etc. | pau |
| Name of publisher, distributor, etc. | University of Pennsylvania Press |
| Date of publication, distribution, etc. | 2009 |
| 300 ## - PHYSICAL DESCRIPTION | |
| Extent | 227 p. : maps |
| Other physical details | 22 cm. |
| Dimensions | 227 p. : maps ; 22 cm. |
| 490 ## - SERIES STATEMENT | |
| Series statement | The Middle Ages series |
| 500 ## - GENERAL NOTE | |
| General note | Jonathan Riley-Smith. |
| 700 ## - ADDED ENTRY--PERSONAL NAME | |
| Personal name | Riley-Smith, Jonathan |
No items available.